01046nam a22003137a 4500001000700000003000900007005001700016007000300033008003400036020001600070040003000086082002900116100002800145240003800173245012700211250001300338260000600351264003100357300004900388336002700437337003500464338003000499490001700529500004500546650003500591650002600626700003800652700004200690000581DO-SdBPM20250808072357.0ta161020b1996 sp a||||| 00| 0 spa d a8421611143  aDO-SdBPMbspacBPMSUerda 4a828.9943bM478f 19962221 aMcLean, Alan C.eautor 10aThe ghost of the glen.lEspañol10aEl fantasma del valle /cAlan C. McLean ; ilustración, Julián González ; taller de lectura, Antonio-Manuel Fabregat. a12ª ed. c  aMadrid : bBruño, c1996 a153 páginas : bilustraciones ; c19 cm.  atextobtxt2rdacontent asin mediación bn2rdamedia  avolumen bnc2rdacarrier 0 aAltamar,v22 aIncluye datos biográficos del autor  7a Cuentos juveniles escoceses  7a Cuentos de fantasmas1 aFabregat, Antonio-Manuel, d1936-1 aGonzález, Julián,dilustración